00290nam a22001217a 4500003000400000005001700004008004100021040001400062100001500076245004300091260002600134300000800160OSt20190506135556.0190506b xxu||||| |||| 00| 0 eng d csero soft aRuhela,S.P ateacher in the emerging indian society ameerutbInternational a226